000 00678nam a22002177a 4500
003 UA-OsUOA
001 97224
007 ta
008 20130327b un ||||| |||| 00| 0 ukr d
100 _aГринюк Н.А.
090 _a330(477)
_bГ85
942 _cSA
040 _aUA-OsUOA
_bukr
_cUA-OsUOA
_dUA-OsUOA
245 _aМетодичні підходи до оцінювання результативності діяльності споживчих товариств
300 _aС.109
955 _a0
041 _aukr
080 _a330(477)
773 0 _w97210
_tФінанси України
_dК.
_d2012
_g10
650 7 _a330 Економіка взагалі
_2UDC
999 _c383472
_d383472